LEADER 00995nam0-22003371i-450 001 990005118290403321 005 20240109155336.0 035 $a000511829 035 $aFED01000511829 035 $a(Aleph)000511829FED01 035 $a000511829 100 $a19990604g19579999km-y0itay50------ba 101 0 $aeng 102 $aAU 105 $aaf--c---001yy 200 1 $aArt and architecture in France 1500 to 1700$fAnthony Blunt 210 $aMelbourne [etc.]$cPenguin books$d1957 215 $aXVII, 316 p., 192 p. di tav.$cill.$d27 cm 225 1 $a<>Pelican history of art$vZ4 610 0 $aArte$aFrancia$a1500-1700 676 $a709.44 700 1$aBlunt,$bAnthony$f<1907-1983>$033585 801 0$aIT$bUNINA$gRICA$2UNIMARC 901 $aBK 912 $a990005118290403321 952 $a709 PHA 09 bis$bFil. Mod. 8905$fFLFBC 952 $aARCH B 2361$b17759$fFARBC 959 $aFLFBC 959 $aFARBC 996 $aArt and Architecture in France$9608541 997 $aUNINA